Property Week supplement (Record no. 77923)

MARC details
000 -LEADER
fixed length control field 00871cab a2200229 4500
001 - CONTROL NUMBER
control field ##L135521
008 - FIXED-LENGTH DATA ELEMENTS--GENERAL INFORMATION
fixed length control field 060322n2006 000 0 eng u
035 ## - SYSTEM CONTROL NUMBER
System control number (Sirsi) u135521
041 0# - LANGUAGE CODE
Language code of text/sound track or separate title eng
100 1# - MAIN ENTRY--PERSONAL NAME
Personal name Eade, Christine
245 00 - TITLE STATEMENT
Title Property Week supplement
Remainder of title Wales
260 ## - PUBLICATION, DISTRIBUTION, ETC.
Date of publication, distribution, etc. 2006
490 #0 - SERIES STATEMENT
Series statement Property Week
Volume/sequential designation 71(42) 20 October 2006, (17)
520 ## - SUMMARY, ETC.
Summary, etc. Looks at the restoration project of Cardiff's coal exchange to its former glory for flats and business tenants; the prospect of transforming Newport's Llanwern steelworks into a new town and Swansea's waterfront which is being developed with a minimum of outside funding.
590 ## - LOCAL NOTE (RLIN)
Local note IKA141106
651 #4 - SUBJECT ADDED ENTRY--GEOGRAPHIC NAME
Geographic name Wales
Chronological subdivision 1998-2007
690 ## - LOCAL SUBJECT ADDED ENTRY--TOPICAL TERM (OCLC, RLIN)
Topical term or geographic name as entry element PROPERTY-COMMERCIAL PROPERTY-COMMERCIAL PROPERTY MARKET
700 1# - ADDED ENTRY--PERSONAL NAME
Personal name Parker, Stephen
700 1# - ADDED ENTRY--PERSONAL NAME
Personal name Phillips, Mike
700 1# - ADDED ENTRY--PERSONAL NAME
Personal name Watts, Tony
942 ## - ADDED ENTRY ELEMENTS (KOHA)
Suppress in OPAC 0
Holdings
Withdrawn status Lost status Source of classification or shelving scheme Damaged status Not for loan Home library Current library Shelving location Date acquired Total Checkouts Full call number Barcode Date last seen Copy number Price effective from Koha item type
    Dewey Decimal Classification     London London Journal article 03/11/2006   L135521 30072391 06/08/2019 1 06/08/2019 Journal article